000 00487nam a2200181Ia 4500
005 20250326123959.0
008 250326s9999 xx 000 0 und d
037 _aTextbook
040 _aFMSL
_beng
_cFMSL
041 _aeng
_2eng
084 _aXxN7 L6
_qFMSL
100 _aJain P C
245 0 _aContemporary economics
_cJain P C; Chaturvedi D N
260 _aNew Delhi
_bNew Delhi, Vikas
_c1976
300 _a292p
942 _cTB
_hXxN7 L6
999 _c1271746
_d1271746